000 00318nam a22001337a 4500
008 181106b xxu||||| |||| 00| 0 eng d
020 _a9780944210086
041 _aeng
080 _a371
100 _a46
101 _aEDU
245 _aTen Skills you really need to succeed in School
_cLangan,J
942 _2udc
_cBK
999 _c52021
_d52021